Taylor Swift - Guess by first verses #2 - Statistics

General Stats
  • This quiz has been taken 41 times
  • The average score is 16 of 20
Answer Stats
Hint Answer % Correct
Vintage tee, brand new phone High heels on cobblestones When you are young, they assume you know nothing cardigan
100%
You′re on the phone with your girlfriend, she's upset She′s going off about something that you said You Belong With Me
94%
[**** ***** **], love made me crazy If it doesn't, you ain′t doin' it right Don't Blame Me
91%
There I was again tonight Forcing laughter, faking smiles Same old tired, lonely place Walls of insincerity Enchanted
88%
He did it He did it no body, no crime
88%
You, with your words like knives And swords and weapons that you use against me You have knocked me off my feet again Got me feeling like I′m nothing Mean
85%
I can read your mind "She′s having the time of her life" I Can Do It With a Broken Heart
82%
Once the flight had flown (ah-ha) With the wilt of the rose (ah-ha) I slept all alone (ah-ha) Is It Over Now?
82%
When the morning came we Were cleaning incense off your Vinyl shelf ′cause we lost track of time again Maroon
82%
Looking at it now It all seems so simple Out Of The Woods
82%
Once upon a time The planets and the fates and all the stars aligned You and I ended up in the same room at the same time Mastermind
79%
He said the way my blue eyes shined Put those Georgia stars to shame that night I said, "That′s a lie" Just a boy in a Chevy truck That had a tendency of gettin' stuck Tim McGraw
79%
I′m like the water when your ship rolled in that night Rough on the surface, but you cut through like a knife willow
79%
Is it romantic how all my elegies eulogize me? I′m not cut out for all these cynical clones These hunters with cell phones the lakes
73%
If you would′ve blinked, then I would've Looked away at the first glance Would've, Could've, Should've
73%
I′m walking fast through the traffic lights Busy streets and busy lives And all we know is touch and go We are alone with our changing minds State Of Grace
70%
School bell rings, walk me home Sidewalk chalk covered in snow Lost my gloves, you give me one It’s Nice To Have A Friend
67%
The buttons of my coat were tangled in my hair In doctor′s office lighting, I didn't tell you I was scared That was the first time we were there Soon You'll Get Better
67%
Fatefully I tried to pick my battles ′til the battle picked me Misery Like the war of words I shouted in my sleep long story short
64%
Wise men once said "Wild winds are death to the candle" A rose by any other name is a scandal The Albatross
58%
No matching quizzes found
Score Distribution
Percent of People with Each Score
Percentile by Number Answered
Your Score History
You have not taken this quiz